Sports Arena Sponsors By Industry - Statistics

General Stats
  • This quiz has been taken 37 times
    31 since last reset
  • The average score is 14 of 27
Answer Stats
Industry Team(s) Company % Correct
Airlines Mavericks, Heat American Airlines
96%
Automotive Lions Ford
83%
Food & Beverage Nuggets, Avalanche Pepsi
83%
Communications Spurs, Cowboys, SF Giants AT&T
79%
Airlines Raptors, Maple Leafs Air Canada
71%
Food & Beverage Rockies Coors
71%
Airlines Bulls United
71%
Automotive Ducks Honda
67%
Communications Wizards, Capitals Verizon
67%
Automotive Rockets Toyota
63%
Automotive Saints Mercedes-Benz
58%
Food & Beverage Steelers Heinz
54%
Food & Beverage St. Louis Cardinals Busch
50%
Food & Beverage Cubs Wrigley
50%
Food & Beverage Rays Tropicana
46%
Communications Canadiens Bell
42%
Food & Beverage Brewers Miller
42%
Food & Beverage Astros Minute Maid
42%
Communications Blue Jays, Canucks, Oilers Rogers
42%
Food & Beverage Pelicans Smoothie King
42%
Automotive Titans Nissan
38%
Communications Seahawks CenturyLink
29%
Communications Chargers Qualcomm
29%
Food & Beverage Chiefs Arrowhead
25%
Food & Beverage Dolphins Hard Rock
25%
Communications Winnipeg Jets MTS
21%
Communications White Sox U.S. Cellular
21%
No matching quizzes found
Score Distribution
Percent of People with Each Score
Percentile by Number Answered
Your Score History
You have not taken this quiz since the last reset